| 000 | 01532cam a22004694i 4500 | ||
|---|---|---|---|
| 003 | PE-LiUPU | ||
| 005 | 20250731172943.0 | ||
| 008 | 150616s1992 sp rb 000 0 spa d | ||
| 020 | _a8487699332 | ||
| 035 | _a(Sirsi) i9788487699337 | ||
| 040 |
_aPE-LiUPU _bspa _cPE-LiUPU _erda |
||
| 049 | _aPRUA | ||
| 082 | 0 | 4 |
_a241 _bV63 _221 |
| 100 | 1 |
_aVidal, Marciano, _eautor. |
|
| 245 | 1 | 0 |
_aConceptos fundamentales de ética teológica / _cMarciano Vidal. |
| 264 | 1 |
_aMadrid : _bEditorial Trotta, _c1992. |
|
| 300 |
_a906 páginas ; _c23 centímetros. |
||
| 336 |
_atext _2rdacontent |
||
| 337 |
_aunmediated _2rdamedia |
||
| 338 |
_avolume _2rdacarrier |
||
| 490 | 1 | _aColección Estructuras y Procesos | |
| 504 | _aIncluye bibliografía. | ||
| 505 | 0 | _aIntroducción -- El Ethos Bíblico -- Etica Fundamental -- Categorias morales básicas -- Bioética -- Sexualidad, Matrimonio y Familia -- Etica Social. | |
| 526 | _aSEG42 | ||
| 526 | _aSEG41 | ||
| 526 | _aSEG40 | ||
| 526 | _aSEG39 | ||
| 526 | _aP94 | ||
| 526 | _aP87 | ||
| 526 | _aP86 | ||
| 526 | _aP85 | ||
| 526 | _aP77 | ||
| 526 | _aP76 | ||
| 526 | _aP35 | ||
| 650 | 0 |
_aÉtica cristiana _91047 |
|
| 650 | 0 |
_aÉtica social _91048 |
|
| 910 | _ajck | ||
| 942 |
_2ddc _cBK |
||
| 949 |
_a241.017 V63 _wDEWEY _c1 _i34980 _d2015-11-5 _e2015-11-5 _lCCODEBUL1 _mBUL _n1 _r0 _sY _tBOOK _u2015-6-16 _xTEOLOGIA _zUNKNOWN _0COMPRA _o.STAFF. Colección Teología |
||
| 999 |
_c21534 _d21534 |
||
| 980 |
_81 _gALBERTO SANCHEZ Responsable de Automatización |
||